000 01808njm a2200301Ia 4500
001 L0362
003 IT-RoPAU
005 20220918181114.0
008 131025s9999 xx 000 0 und d
040 _aIT-RoPAU
040 _cIT-RoPAU
041 _aITALIANO
999 _c99247
_d99247
999 _bn.d.
100 _aAA.VV.
_9794
100 _eAutore musica
_933775
100 _gCodice autore musica SPICS: 12000
_9796
245 _aI've Been Around
250 _a1a ed.
260 _aMILANO
260 _bHACHETTE RUSCONI
_c2003 [1a Ed.:0]
300 _aCOMPACT DISC
300 _c78 minuti (Testo: 0 pag.)
500 _aMusica jazz. Cd allegato al n. 11 2003 della rivista "Musica jazz". Da questo cd esce ben tratteggiata la figura di Giovanni Tommaso, musicista tra i più importanti nell'intero corso del jazz italiano contemporaneo. Vedere inserto "Musica jazz" (Codice L0361).
505 _aGato Blues (di G. Barbieri, Bologna maggio 1963, 5:35) . Here's That Rainy Day (di J. Van Heusen, Roma 1967, 7:37) - Autumn Leaves (di J. Kosma e J. Kosma, Roma 1967, 5:41) - Bluesy Europa (di G. Tommaso, Roma giugno 1968, 4:57) - Torre del Lago (di G. Tommaso, Lucca 1974, 3:41) - All the Things You Are (di J. Kern, Roma gennaio 1978, 6:59) - Sicilian Sunset (di G. Tommaso, Padova aprile 1981, 4:11) - Amore, toujours l'amour (di G. Tommaso, Perugia 1986, 7:02) - Satin Doll (di D. Ellington, Bologna marzo 1988, 6:08) - Nord e Sud (di F. D'Andrea, Lovere settembre 1985, 7:03) - Techno Jazz (di G. Tommaso, Parigi novembre 1998, 9:09) - Oh Benigni (di G. Tommaso, Roma novembre 2000, 4:45) - Estate '61 (di V. Tommaso, Lucca 1962, 4:29).
650 _aJAZZ [COMPACT DISC]
_eCodice MATERIA SPICS: 9949
_911822
700 _aTommaso Giovanni
_gCodice interprete SPICS: 24533
_eInterprete
_933776
942 _cCD
_2ddc